Islam Aur Jadeed Muashi Masail / (Record no. 523240)
[ view plain ]
| 000 -LEADER | |
|---|---|
| fixed length control field | 00374nam a2200145Ia 4500 |
| 005 - DATE AND TIME OF LATEST TRANSACTION | |
| control field | 20190131131433.0 |
| 008 - FIXED-LENGTH DATA ELEMENTS--GENERAL INFORMATION | |
| fixed length control field | 190125s9999 xx 000 0 und d |
| 040 ## - CATALOGING SOURCE | |
| Transcribing agency | DLC |
| 082 ## - DEWEY DECIMAL CLASSIFICATION NUMBER | |
| Classification number | 297.1 |
| Author Mark | USM |
| 100 ## - MAIN ENTRY--PERSONAL NAME | |
| Personal name | Muhammad Taqi Usmani |
| 9 (RLIN) | 13606 |
| 245 ## - TITLE STATEMENT | |
| Title | Islam Aur Jadeed Muashi Masail / |
| 260 ## - PUBLICATION, DISTRIBUTION, ETC. | |
| Name of publisher, distributor, etc. | Adara e Islamiat |
| Place of publication, distribution, etc. | Lahore |
| Date of publication, distribution, etc. | 2008 |
| 300 ## - PHYSICAL DESCRIPTION | |
| Extent | 276p. ; |
| 942 ## - ADDED ENTRY ELEMENTS (KOHA) | |
| Source of classification or shelving scheme | |
| Koha item type | Book |
| Withdrawn status | Lost status | Source of classification or shelving scheme | Damaged status | Not for loan | Permanent Location | Current Location | Date acquired | Total Checkouts | Full call number | Barcode | Date last seen | Date last checked out | Price effective from | Koha item type | Total Renewals |
|---|---|---|---|---|---|---|---|---|---|---|---|---|---|---|---|
| Central Library (CL) | Central Library (CL) | 01/31/2019 | 3 | 297.1 USM | NIT-12015 | 03/11/2025 | 09/14/2022 | 01/31/2019 | Book | ||||||
| Central Library (CL) | Central Library (CL) | 01/31/2019 | 1 | 297.1 USM | NIT-12016 | 12/03/2022 | 08/17/2022 | 01/31/2019 | Book | ||||||
| Central Library (CL) | Central Library (CL) | 01/31/2019 | 297.1 USM | NIT-12017 | 01/31/2019 | 01/31/2019 | Reference | ||||||||
| Central Library (CL) | Central Library (CL) | 01/31/2019 | 297.1 USM | NIT-12018 | 01/31/2019 | 01/31/2019 | Reference | ||||||||
| Central Library (CL) | Central Library (CL) | 01/31/2019 | 1 | 297.1 USM | NIT-12019 | 10/25/2023 | 10/16/2023 | 01/31/2019 | Book | ||||||
| Central Library (CL) | Central Library (CL) | 01/31/2019 | 2 | 297.1 USM | NIT-12020 | 11/28/2025 | 09/12/2025 | 01/31/2019 | Book | 2 | |||||
| Central Library (CL) | Central Library (CL) | 01/31/2019 | 2 | 297.1 USM | NIT-12021 | 12/31/2023 | 11/20/2023 | 01/31/2019 | Book | ||||||
| Central Library (CL) | Central Library (CL) | 01/31/2019 | 297.1 USM | NIT-12022 | 01/31/2019 | 01/31/2019 | Reference |
